Impressionist art, 1860-1920

Αποθηκεύτηκε σε:
Λεπτομέρειες βιβλιογραφικής εγγραφής
Άλλοι συγγραφείς: Walther, Ingo F. (Επιμελητής έκδοσης), Feist, Peter H. (Επιμελητής έκδοσης), Bismarck, Beatrice von (edtf)
Μορφή: Βιβλίο
Γλώσσα:English
Δημοσίευση: Köln : Taschen, c2006.
Θέματα:
Ετικέτες: Προσθήκη ετικέτας
Δεν υπάρχουν, Καταχωρήστε ετικέτα πρώτοι!

MARC

LEADER 00000cam a2200000 i 4500
001 1/79732
008 080401s2006 gw | ||| |||| ||eng||
020 |a 3822850535 
035 |l 10096035 
040 |a GR-MyUa  |b gre  |e AACR2 
041 0 |a eng 
082 7 |a 759.054   |2 (22) 
245 0 0 |a Impressionist art, 1860-1920 /   |c edited by Ingo F. Walther. 
246 3 4 |a Impressionism 
260 |a Köln :   |b Taschen,   |c c2006. 
300 |a 704 σ. :   |b εικ. (μερικές έγχρ.) ;   |c 19 εκ. 
505 8 |a Μέρος I. Impressionism in France / by Peter H. Feistpt -- μέρος II. Impressionism in Europe and North America / by Beatrice von Bismarck ... [κ. ά.]. 
650 0 |a Impressionism (Art) 
650 0 |a Painting, Modern  |y 19th century. 
650 0 |a Painting, Modern  |y 20th century. 
700 1 |a Walther, Ingo F.  |e edt 
700 1 |a Feist, Peter H.  |e edt 
700 1 |a Bismarck, Beatrice von,  |e edtf 
852 |a INST  |b SYROS  |e 20080401  |h 759.054 IMP  |p 005500006216  |q 005500006216  |t BK  |y 0 
901 |a BIBL5-2008-1 
922 |a 5ΕΛΗ  |b 200801  |c ΕΠΕΑΕΚ2/ΤΜΣΠΣ  |d Ελυθερουδάκης 
970 |a Καγιαβά  |b Ειρήνη  |z 01/04/2008